000 00517nam a22001817a 4500
005 20251108174927.0
008 250721s2009 xx 000 0 ara d
082 1 4 _a294.3/كيو
100 1 _aكيوكا، بوكيو
245 1 0 _aتعاليم بوذا /
264 1 _aدمشق :
_bدار الحوار للنشر،
_c2009.
300 _a254ص.
650 1 7 _aالبوذية
650 1 7 _aالديانات
700 1 _aجواد، رعد عبد الجليل
_eمترجم
942 _2ddc
_cBK
999 _c121707
_d121707